ბათუმის შოთა რუსთაველის სახელმწიფო უნივერსიტეტის ბიბლიოთეკა

არასოდეს ვყოფილვართ მოდერნულები : (ბიბ.ჩანაწერი № 53804)

000 -ლიდერი
ფიქსირებული სიგრძის საკონტროლო ველი 01767nam a2200289Ia 4500
001 - საკონტროლო ნომერი
საკონტროლო ველი 20855
003 - საკონტროლო ნომრის იდენტიფიკატორი
საკონტროლო ველი GE_BSU
005 - ბოლო ოპერაციის თარიღი და დრო
საკონტროლო ველი 20210514132730.0
008 - ფიქსირებული სიგრძის მონაცემთა ელემენტები - ზოგადი ინფორმაცია
ფიქსირებული სიგრძის საკონტროლო ველი 181216s ||||ge |||||||||||||| ||geo||
020 ## - წიგნის საერთაშორისო სტანდარტული ნომერი
International Standard Book Number 9789941181986
040 ## - კატალოგიზაციის წყარო
Transcribing agency GE_BSU
080 ## - უნივერსალური ათობითი კლასიფიკაციის ინდექსი
Universal Decimal Classification number 128 ლ-27
100 ## - მთავარი ჩანაწერი - პიროვნების სახელი
Personal name ლატური, ბ. (ბრუნო)
9 (RLIN) 11797
245 ## - ცნობა სათაურის შესახებ
Title არასოდეს ვყოფილვართ მოდერნულები :
Remainder of title სიმეტრიული ანთროპოლოგიის მცდელობა /
Statement of responsibility, etc ბ. (ბრუნო) ლატური ; ფრანგ. თარგმნა ელენე ლადარიამ ; სამეცნ. რედ. ნინო ფირცხალავა ; სერიის რედ. თამარ ცოფურიშვილი.
264 ## - წარმოების, გამოცემის, დისტრიბუციის და სხვა ცნობები
გამოცემის, წარმოების, დისტრიბუციის... ადგილი თბილისი :
გამოცემის, წარმოების, დისტრიბუციის... სახელწოდება ილიას სახელმწ. უნ-ტი,
გამოცემის, წარმოების, დისტრიბუციის... თარიღი 2014.
300 ## - ფიზიკური აღწერა
Extent 212 გვ. ;
Dimensions 20 სმ.
490 ## - სერიის ცნობა
Series statement ფილოსოფიური ბიბლიოთეკა
Volume number/sequential designation სერიის წ.1
International Standard Serial Number 1512-2042
504 ## - BIBLIOGRAPHY, ETC. NOTE
Bibliography, etc ბიბლიოგრ. : გვ. 206-212
653 ## - INDEX TERM--UNCONTROLLED
Uncontrolled term ფილოსოფია
653 ## - INDEX TERM--UNCONTROLLED
Uncontrolled term ფილოსოფიური ანთროპოლოგია
653 ## - INDEX TERM--UNCONTROLLED
Uncontrolled term რელატივობის თეორია
700 ## - ADDED ENTRY--PERSONAL NAME
Personal name ლადარიამ, ელენე
Relator term ფრანგულიდან თარგმნა
9 (RLIN) 11798
700 ## - ADDED ENTRY--PERSONAL NAME
Personal name ფირცხალავა, ნინო
Relator term სამეცნიერო რედაქტორი
9 (RLIN) 11799
700 ## - ADDED ENTRY--PERSONAL NAME
Personal name ცოფურიშვილი, თამარ
Relator term სერიის რედაქტორი
9 (RLIN) 6909
942 ## - ADDED ENTRY ELEMENTS (KOHA)
Koha item type წიგნი
Source of classification or shelving scheme
ეგზემპლარები
ჩამოწერის სტატუსი დაკარგული ეგზემპლარის სტატუსი კლასიფიკაციის წყარო ან თაროზე გაწყობის სქემა დაზიანების სტატუსი არ გაიცემა მუდმივი მდებარეობა (დაცვის ადგილი) ამჟამინდელი ადგილსამყოფელი თაროზე განთავსების ადგილი შეძენის თარიღი ღირებულება, შესყიდვის ნორმალური ფასი სრული შენახვის შიფრი შტრიხკოდი ბოლო ოპერაციის თარიღი ეგზემპლარის მიმდევრობითი ნომერი (კეტერი?) ფასის ძალაში შესვლის თარიღი ეგზემპლარის სახეობა საჯარო შენიშვნა
          ბათუმის შოთა რუსთაველის სახელმწიფო უნივერსიტეტის მთავარი ბიბლიოთეკა ბათუმის შოთა რუსთაველის სახელმწიფო უნივერსიტეტის მთავარი ბიბლიოთეკა წიგნსაცავი 2018-12-17 2.50 128 ლ-27 54297 2018-12-17 54297 2018-12-17 წიგნი 2.50 ₾.
          ბათუმის შოთა რუსთაველის სახელმწიფო უნივერსიტეტის მთავარი ბიბლიოთეკა ბათუმის შოთა რუსთაველის სახელმწიფო უნივერსიტეტის მთავარი ბიბლიოთეკა წიგნსაცავი 2018-12-17 2.50 128 ლ-27 54298 2018-12-17 54298 2018-12-17 წიგნი 2.50 ₾.
          ბათუმის შოთა რუსთაველის სახელმწიფო უნივერსიტეტის მთავარი ბიბლიოთეკა ბათუმის შოთა რუსთაველის სახელმწიფო უნივერსიტეტის მთავარი ბიბლიოთეკა წიგნსაცავი 2018-12-17 2.50 128 ლ-27 54299 2018-12-17 54299 2018-12-17 წიგნი 2.50 ₾.
          ბათუმის შოთა რუსთაველის სახელმწიფო უნივერსიტეტის მთავარი ბიბლიოთეკა ბათუმის შოთა რუსთაველის სახელმწიფო უნივერსიტეტის მთავარი ბიბლიოთეკა წიგნსაცავი 2018-12-17 2.50 128 ლ-27 54300 2018-12-17 54300 2018-12-17 წიგნი 2.50 ₾.
          ბათუმის შოთა რუსთაველის სახელმწიფო უნივერსიტეტის მთავარი ბიბლიოთეკა ბათუმის შოთა რუსთაველის სახელმწიფო უნივერსიტეტის მთავარი ბიბლიოთეკა წიგნსაცავი 2018-12-17 2.50 128 ლ-27 54301 2018-12-17 54301 2018-12-17 წიგნი 2.50 ₾.
          ბათუმის შოთა რუსთაველის სახელმწიფო უნივერსიტეტის მთავარი ბიბლიოთეკა ბათუმის შოთა რუსთაველის სახელმწიფო უნივერსიტეტის მთავარი ბიბლიოთეკა წიგნსაცავი 2018-12-17 2.50 128 ლ-27 54302 2018-12-17 54302 2018-12-17 წიგნი 2.50 ₾.
          ბათუმის შოთა რუსთაველის სახელმწიფო უნივერსიტეტის მთავარი ბიბლიოთეკა ბათუმის შოთა რუსთაველის სახელმწიფო უნივერსიტეტის მთავარი ბიბლიოთეკა წიგნსაცავი 2018-12-17 2.50 128 ლ-27 54303 2018-12-17 54303 2018-12-17 წიგნი 2.50 ₾.
          ბათუმის შოთა რუსთაველის სახელმწიფო უნივერსიტეტის მთავარი ბიბლიოთეკა ბათუმის შოთა რუსთაველის სახელმწიფო უნივერსიტეტის მთავარი ბიბლიოთეკა წიგნსაცავი 2018-12-17 2.50 128 ლ-27 54304 2018-12-17 54304 2018-12-17 წიგნი 2.50 ₾.
          ბათუმის შოთა რუსთაველის სახელმწიფო უნივერსიტეტის მთავარი ბიბლიოთეკა ბათუმის შოთა რუსთაველის სახელმწიფო უნივერსიტეტის მთავარი ბიბლიოთეკა წიგნსაცავი 2018-12-17 2.50 128 ლ-27 54305 2018-12-17 54305 2018-12-17 წიგნი 2.50 ₾.
          ბათუმის შოთა რუსთაველის სახელმწიფო უნივერსიტეტის მთავარი ბიბლიოთეკა ბათუმის შოთა რუსთაველის სახელმწიფო უნივერსიტეტის მთავარი ბიბლიოთეკა წიგნსაცავი 2018-12-17 2.50 128 ლ-27 54306 2018-12-17 54306 2018-12-17 წიგნი 2.50 ₾.